<?xml version="1.0" encoding="UTF-8"?>
<collection xmlns="http://www.loc.gov/MARC21/slim">
<record>
  <controlfield tag="001">2444</controlfield>
  <controlfield tag="005">20160701171705.0</controlfield>
  <datafield tag="037" ind1=" " ind2=" ">
    <subfield code="a">ASTROimport-601</subfield>
  </datafield>
  <datafield tag="100" ind1=" " ind2=" ">
    <subfield code="a">Blomme, R.</subfield>
  </datafield>
  <datafield tag="260" ind1=" " ind2=" ">
    <subfield code="c">1991</subfield>
  </datafield>
  <datafield tag="245" ind1=" " ind2=" ">
    <subfield code="a">Is Stellar Wind Mass Loss during Core Hydrogen Burning Important for Evolution?</subfield>
  </datafield>
  <datafield tag="700" ind1=" " ind2=" ">
    <subfield code="a"> Vanbeveren, D.</subfield>
  </datafield>
  <datafield tag="700" ind1=" " ind2=" ">
    <subfield code="a"> van Rensbergen, W.</subfield>
  </datafield>
  <datafield tag="773" ind1=" " ind2=" ">
    <subfield code="p">Wolf-Rayet Stars and Interrelations with Other Massive Stars in Galaxies</subfield>
    <subfield code="v">143</subfield>
    <subfield code="y">1991</subfield>
    <subfield code="c">547</subfield>
  </datafield>
  <datafield tag="856" ind1="4" ind2="2">
    <subfield code="a">http://esoads.eso.org/abs/1991IAUS..143..547B</subfield>
  </datafield>
  <datafield tag="905" ind1=" " ind2=" ">
    <subfield code="a">published in</subfield>
  </datafield>
  <datafield tag="980" ind1=" " ind2=" ">
    <subfield code="a">NONREF</subfield>
  </datafield>
</record>
</collection>